000 00484nam a2200181Ia 4500
001 21513
005 20260306172925.0
008 260306t2013||||xx |||||||||||||| ||spa||
041 _aESP
082 _a658.404
_bP87
100 _aProject Management Institute
_eAUT
245 0 _aGuía de los fundamentos para la dirección de proyectos:
_b(guía del PMBOK)
260 _c2013
300 _a589 páginas :
_c29 cm.
650 _aGEN
654 _aCAN
942 _cLIB
_dJUS
_fJUS
_2ddc
_n
999 _c21513
_d21513